000 00678nas a2200229 4500
001 BR7903113
003 BR-BrBNA
005 20231205083731.0
007 ta
008 230509b bl.|||p| |||| 00| 00por d
040 _aBR-BrBNA
_bpor
_cBiblioteca Nacional de Agricultura
041 _a(Pt)
072 _aL70
100 1 _aRodrigues, M.
245 1 _aIndustria nacional precisa conquistar o consumidor [Vacina; Brasil]
650 _aVeterinaria
650 _aVacina
650 _aIndustrializacao
773 0 _tAgricultura de Hoje (Brazil)
_xISSN 0100-5707
_g(Sep 1978), v. 4(41) p. 10-11
_wBR7903113
909 _a202311
_bLúcia
_c55
_dLúcia Elande
942 _2AGRIS
_n0
_cANA
999 _c100845
_d100845